| 000 | 01093cam a22003137a 4500 | ||
|---|---|---|---|
| 003 | CHAP | ||
| 005 | 20220329142456.0 | ||
| 008 | 010530d1999 mx a r 00110 spa d | ||
| 010 | _a84011 | ||
| 011 | _a84983 | ||
| 035 | _a95509 | ||
| 040 | _cCHAP | ||
| 090 | _aTesis | ||
| 100 | 0 | 0 |
_aGutiérrez Aguilar, Felipe Manuel. _951603 |
| 245 | 1 | 0 |
_aMemoria de práctica profesional biológica a nivel medio superior _c/por Felipe Manuel Gutiérrez Aguilar |
| 260 |
_aHuehuetán, Chiapas : _bEl autor, _c1999. |
||
| 300 |
_a266 h. : _bilus. |
||
| 502 | _aTesis (Ing. Agr. Tropical) -- Universidad Autónoma de Chiapas. Fac. de Ciencias Agrícolas | ||
| 590 |
_aALEPH _b10 _c20130110 _lUCH01 _h1442 |
||
| 590 |
_aBATCH-UPD _b10 _c20130110 _lUCH01 _h0737 |
||
| 590 |
_aBATCH-UPD _b10 _c20130410 _lUCH01 _h0419 |
||
| 590 |
_aBATCH-UPD _b10 _c20130914 _lUCH01 _h0635 |
||
| 590 |
_aCONVERSION _b10 _c20130109 _lUCH01 _h1347 |
||
| 650 | 1 | 4 |
_aBiología _xEstudio y enseñanza. _912782 |
| 901 | _aBK | ||
| 905 | _aLilia Sánchez G. | ||
| 942 | _cTESIS | ||
| 949 |
_aTesis _bBC _cTES _d955091 _eTS1 _h38065 _i95509 _sb |
||
| 999 |
_c84011 _d84011 |
||